000 01888nam a2200241 4500
008 s2000 fr fre u
020 _a2725610729
020 _a9782725610726
040 _aLB-BrCRDP
082 1 _a372.6
_bHAN
100 1 _aHanrard Ladoul, Micheline
245 1 0 _aApprendre à lire et à écrire sans manuel
_bUne démarche transdisciplinaire
_cMicheline Hanrard Ladoul
260 _aParis
_bRetz
_c2000
300 _a192 p.
_c22 cm
500 _aSommaire, exemples pour une pratique de classe au quotidien.
520 _aAnalyse réflexive d'une pratique de classe, cet ouvrage s'adresse aux enseignants de CP désireux de ne pas " s'enfermer " dans la démarche routinière et les activités " artificielles " qu'induisent la plupart des méthodes d'apprentissage de lecture sous forme de manuels " classiques ".Faisant le pari de la transdisciplinarité, il propose une véritable méthodologie, souple mais néanmoins rigoureuse, permettant à chaque enseignant de " construire " au jour le jour des situations d'apprentissage qui exploitent l'environnement social et culturel proche de l'enfant, tout au long de l'année. La démarche s'appuie sur divers supports : * textes empruntés à la vie de classe et relevant des programmes de Découverte du monde et d'Éducation civique, * livres de jeunesse (albums et documentaires) librement choisis par les enfants, * dictionnaire, * répertoires de textes et de mots constitués par la classe. L'appropriation progressive des livres, des documents, des textes, des phrases, des mots et des lettres s'accompagne de productions d'écrits régulières qui complètent le " savoir lire " : comprendre et maîtriser le code.
650 4 _aMéthodologie
650 4 _aEvaluation
650 4 _aLecture
650 4 _aApprentissage de la lecture
942 _cBK
999 _c87
_d87